000 00325nam a2200145Ia 4500
008 191201s2004 xx 000 0 und d
100 _aKEVIN
245 0 _aGUTS
250 _a1ts
260 _aN.Delhi
_bOrefend University Press
_c2004
300 _akev
650 _aGeneral Books
700 _a FRIEBERG
942 _2ddc
_cBK
999 _c1182
_d1182